Statistics for business (Record no. 38464)

MARC details
000 -LEADER
fixed length control field 00495 2200145 4500
008 - FIXED-LENGTH DATA ELEMENTS--GENERAL INFORMATION
fixed length control field 110606t xxu||||| |||| 00| 0 eng d
020 ## - INTERNATIONAL STANDARD BOOK NUMBER
International Standard Book Number 9780750686600
100 ## - MAIN ENTRY--PERSONAL NAME
Personal name Waller, Derek L.
245 ## - TITLE STATEMENT
Title Statistics for business
Statement of responsibility, etc Derek L.Waller
260 ## - PUBLICATION, DISTRIBUTION, ETC. (IMPRINT)
Name of publisher, distributor, etc Elsevier
Date of publication, distribution, etc 2008
Place of publication, distribution, etc USA
300 ## - PHYSICAL DESCRIPTION
Extent ix,524 p.
Dimensions 25 cm.
650 ## - SUBJECT ADDED ENTRY--TOPICAL TERM
Topical term or geographic name as entry element commercial stastistics
942 ## - ADDED ENTRY ELEMENTS (KOHA)
Item type Book
Source of classification or shelving scheme Library of Congress Classification
Holdings
Withdrawn status Lost status Source of classification or shelving scheme Damaged status Not for loan Collection code Home library Current library Shelving location Date acquired Source of acquisition Total Checkouts Total Renewals Full call number Barcode Date last borrowed Copy number Price effective from Koha item type
    Library of Congress Classification     Non-fiction Nakuru Campus Nakuru Campus General Circulation 06/06/2011 purchase 23 2 HF 1017 .W35 2008 023994 21/03/2023 1 06/06/2011 Book